Memahami bahasa cinta lelaki

Bibliographic Details
Main Author: Zamri Mohamad
Format: Book
Published: Selangor : PTS Millennia , 2006
Series:Siri gaya hidup & wanita
Subjects:

MARC

LEADER 00000cam a2200000 7i4500
001 0000011862
005 20071126.0
008 071119
020 |a 9833603335 
090 0 0 |a 152.41   |b ZAM 
100 0 |a Zamri Mohamad 
245 1 0 |a Memahami bahasa cinta lelaki   |c Zamri Mohamad 
260 |a Selangor :   |b PTS Millennia ,   |c 2006 
440 0 |a Siri gaya hidup & wanita 
650 0 |a Intimacy (Psychology) 
650 0 |a Love 
650 0 |a Man   |x Women relationships 
999 |a 0001003891   |b Book   |c Adult Collection   |e Desa - PPAJ 
999 |a 0001003892   |b Book   |c Adult Collection   |e Desa - PPAJ 
999 |a 0001003893   |b Book   |c Adult Collection   |e Desa - PPAJ 
999 |a 0001003894   |b Book   |c Adult Collection   |e Desa - PPAJ 
999 |a 0001003895   |b Book   |c Adult Collection   |e Desa - PPAJ 
999 |a 0001004286   |b Book   |c Adult Collection   |e Cawangan Bandar Tenggara 
999 |a 0001004287   |b Book   |c Adult Collection   |e Perbadanan Perpustakaan Awam Johor 
999 |a 0001004289   |b Book   |c Adult Collection   |e Perbadanan Perpustakaan Awam Johor 
999 |a 0001004290   |b Book   |c Adult Collection   |e Perbadanan Perpustakaan Awam Johor